00742 a2200193 4500999001900000005001700019010001500036020003100051035001400082037001300096082001300109100002000122245010100142260005400243270008200297300002200379942002900401952011800430 c183180d18318020211220110734.0 aENG-130410 a978-93-901370-56-5c695.00 aEN-113942 bDBAD/PUB a658.3b1 aVenkatesh, D.N. aWinning With Employees:cD. N. VenkateshbLeveraging Employee Experience for A competitive Edge/ aNew DelhibSage Publications India Pvt. Ltdc2021 aB-I/I-I Mohan Cooperative, Industrial Area, Mathura Road, bNew Delhie110040 a418p.c22cm (pbk) adplcEN2ddch658.3mVEN 001040708NFICaMbMd2021-12-20eDBAD/PUBg695.00l0o658.3 VENpEN-113942r2021-12-20 00:00:00t1v695.00yEN